000 00282nam a2200133Ia 4500
100 _aVinogradov
942 _cBK
654 _aElectrician
245 _aIndustrial Electrician
260 _bPeace publishers
_aMoscow
_c2001
082 _a621.3
300 _a275
546 _aENGLISH
999 _c21128
_d21128